000
00294nam a2200121Ia 4500
008
190216s9999||||xx |||||||||||||| ||und||
100
_a
Shanthi Narayan
245
2
_a
A Text Book Of Modern Puregeometry
260
_b
S Chand & Co
_c
1968
300
_a
224p
650
_a
Mathematics
942
_c
BK
999
_c
30488
_d
30488